Аналитические решения параболических и гиперболических уравнений тепломассопереноса: учебное пособие

Dades bibliogràfiques
Autor principal: Кудинов И. В. Игорь Васильевич
Altres autors: Кудинов В. А. Василий Александрович
Sumari:Излагаются инженерные методы построения решений задач нестационарной теплопроводности, позволяющие получать эффективные точные и приближенные ан&читические решения. При определении собственных чисел вводятся дополнительные граничные условия, получаемые из основного дифференциального уравнения путем его дифференцирования в граничных точках. С помощью интегрального метода теплового баланса на основе введения фронта температурного возмущения и при использовании дополнительных граничных условий получены аналитические решения задач теплопроводности с переменными начальными условиями, с переменными во времени граничными условиями и внутренними источниками теплоты, нелинейных задач теплопроводности, а также задач теплообмена в жидкостях, включая динамический и тепловой пограничные слои. Представлены результаты получения и анализа точных аналитических решений гиперболических уравнений, описывающих распространение тепловой и гидравлической волны с конечной скоростью.Книга может быть полезной для научно-технических работников, специализирующихся в области математики, теплофизики, а также как учебное пособие для преподавателей и студентов технических вузов.
Idioma:rus
Publicat: Москва, Инфра-М, 2013
Col·lecció:Высшее образование. Бакалавриат
Matèries:
Format: MixedMaterials Llibre
KOHA link:https://koha.lib.tpu.ru/cgi-bin/koha/opac-detail.pl?biblionumber=234390

MARC

LEADER 00000nam0a2200000 4500
001 234390
005 20231101231322.0
010 |a 9785160067247 
035 |a (RuTPU)RU\TPU\book\255513 
090 |a 234390 
100 |a 20130325d2013 m y0rusy50 ca 
101 0 |a rus 
102 |a RU 
105 |a a j 001zy 
200 1 |a Аналитические решения параболических и гиперболических уравнений тепломассопереноса  |e учебное пособие  |f И. В. Кудинов, В. А. Кудинов 
210 |a Москва  |c Инфра-М  |d 2013 
215 |a 391 с.  |c ил. 
225 1 |a Высшее образование. Бакалавриат 
320 |a Библиогр.: с. 384-387. 
330 |a Излагаются инженерные методы построения решений задач нестационарной теплопроводности, позволяющие получать эффективные точные и приближенные ан&читические решения. При определении собственных чисел вводятся дополнительные граничные условия, получаемые из основного дифференциального уравнения путем его дифференцирования в граничных точках. С помощью интегрального метода теплового баланса на основе введения фронта температурного возмущения и при использовании дополнительных граничных условий получены аналитические решения задач теплопроводности с переменными начальными условиями, с переменными во времени граничными условиями и внутренними источниками теплоты, нелинейных задач теплопроводности, а также задач теплообмена в жидкостях, включая динамический и тепловой пограничные слои. Представлены результаты получения и анализа точных аналитических решений гиперболических уравнений, описывающих распространение тепловой и гидравлической волны с конечной скоростью.Книга может быть полезной для научно-технических работников, специализирующихся в области математики, теплофизики, а также как учебное пособие для преподавателей и студентов технических вузов. 
606 1 |a Теплопроводность  |x Математические методы  |2 stltpush  |3 (RuTPU)RU\TPU\subj\71522  |9 85398 
610 1 |a физика 
610 1 |a термодинамика 
610 1 |a дополнительные граничные условия 
610 1 |a нестационарные задачи 
610 1 |a температурные возмущения 
610 1 |a нелинейные задачи 
610 1 |a аналитические решения 
610 1 |a уравнения теплового пограничного слоя 
610 1 |a гиперболические уравнения 
610 1 |a краевые задачи 
610 1 |a параболические уравнения 
610 1 |a гиперболические уравнения 
610 1 |a движение 
610 1 |a учебные пособия 
675 |a 536.2(075.8)  |v 3 
700 1 |a Кудинов  |b И. В.  |g Игорь Васильевич 
701 1 |a Кудинов  |b В. А.  |g Василий Александрович 
801 1 |a RU  |b 63413507  |c 20130325 
801 2 |a RU  |b 63413507  |c 20150701  |g RCR 
900 |a Теплофизика и теоретическая теплотехника 
942 |c BK 
952 |l 8 
959 |a 39/20130219  |d 2  |e 389,90  |f ЧЗТЛ:1  |f АНЛ:1